Fact | Fact |
Number - Year | 1967, GB, Starr | | 89.1% | Winning Team | 1967, GB, Starr | | 89.1% | MVP | 1967, GB, Starr | | 89.1% | Number - Year | 2010, NO, Brees | | 87% | Winning Team | 2010, NO, Brees | | 87% | MVP | 2010, NO, Brees | | 87% | Number - Year | 1968, GB, Starr | | 85.3% | Winning Team | 1968, GB, Starr | | 85.3% | MVP | 1968, GB, Starr | | 85.3% | Number - Year | 2008, NYG, Manning | | 83.3% | Winning Team | 2008, NYG, Manning | | 83.3% | MVP | 2008, NYG, Manning | | 83.3% | Number - Year | 2007, IND, Manning | | 82.9% | Winning Team | 2007, IND, Manning | | 82.9% | MVP | 2007, IND, Manning | | 82.9% | Number - Year | 1969, NYJ, Namath | | 82.8% | Winning Team | 1969, NYJ, Namath | | 82.8% | MVP | 1969, NYJ, Namath | | 82.8% | Number - Year | 2004, NE, Brady | | 82% | Winning Team | 2004, NE, Brady | | 82% | MVP | 2004, NE, Brady | | 82% | Number - Year | 2002, NE, Brady | | 81.7% | Winning Team | 2002, NE, Brady | | 81.7% | MVP | 2002, NE, Brady | | 81.7% | Number - Year | 2001, BAL, Lewis | | 81.4% | MVP | 2001, BAL, Lewis | | 81.4% | Winning Team | 2001, BAL, Lewis | | 81.4% | Number - Year | 2009, PIT, Holmes | | 81% | Winning Team | 2009, PIT, Holmes | | 81% | MVP | 2009, PIT, Holmes | | 81% | Number - Year | 1999, DEN, Elway | | 79.9% | Winning Team | 1999, DEN, Elway | | 79.9% | MVP | 1999, DEN, Elway | | 79.9% | Number - Year | 2000, STL, Warner | | 79.3% | Winning Team | 2000, STL, Warner | | 79.3% | MVP | 2000, STL, Warner | | 79.3% | Number - Year | 2006, PIT, Ward | | 78.8% | Winning Team | 2006, PIT, Ward | | 78.8% | MVP | 2006, PIT, Ward | | 78.8% | Number - Year | 2005, NE, Branch | | 78.1% | Winning Team | 2005, NE, Branch | | 78.1% | MVP | 2005, NE, Branch | | 78.1% | Number - Year | 1998, DEN, Davis | | 77.6% | Winning Team | 1998, DEN, Davis | | 77.6% | MVP | 1998, DEN, Davis | | 77.6% | Number - Year | 1993, DAL, Aikman | | 74.3% | Winning Team | 1993, DAL, Aikman | | 74.3% |
|
Fact | Fact |
MVP | 1993, DAL, Aikman | | 74.3% | Number - Year | 2013, BAL, Flacco | | 73% | Winning Team | 2013, BAL, Flacco | | 73% | MVP | 2013, BAL, Flacco | | 73% | Number - Year | 1995, SF, Young | | 72.7% | Winning Team | 1995, SF, Young | | 72.7% | MVP | 1995, SF, Young | | 72.7% | Number - Year | 2012, NYG, Manning | | 72.5% | Winning Team | 2012, NYG, Manning | | 72.5% | MVP | 2012, NYG, Manning | | 72.5% | Number - Year | 1994, DAL, Smith | | 71.8% | Winning Team | 1994, DAL, Smith | | 71.8% | MVP | 1994, DAL, Smith | | 71.8% | Number - Year | 1997, GB, Howard | | 69.3% | Winning Team | 1997, GB, Howard | | 69.3% | MVP | 1997, GB, Howard | | 69.3% | Number - Year | 1990, SF, Montana | | 69.2% | Winning Team | 1990, SF, Montana | | 69.2% | MVP | 1990, SF, Montana | | 69.2% | Number - Year | 2003, TB, Jackson | | 68.4% | Winning Team | 2003, TB, Jackson | | 68.4% | MVP | 2003, TB, Jackson | | 68.4% | Number - Year | 1985, SF, Montana | | 68% | Winning Team | 1985, SF, Montana | | 68% | MVP | 1985, SF, Montana | | 68% | Number - Year | 1989, SF, Rice | | 66.2% | Winning Team | 1989, SF, Rice | | 66.2% | MVP | 1989, SF, Rice | | 66.2% | Number - Year | 1982, SF, Montana | | 65.6% | Winning Team | 1982, SF, Montana | | 65.6% | MVP | 1982, SF, Montana | | 65.6% | Number - Year | 1979, PIT, Bradshaw | | 65% | Winning Team | 1979, PIT, Bradshaw | | 65% | MVP | 1979, PIT, Bradshaw | | 65% | Number - Year | 1970, KC, Dawson | | 64.2% | Winning Team | 1970, KC, Dawson | | 64.2% | MVP | 1970, KC, Dawson | | 64.2% | Number - Year | 1980, PIT, Bradshaw | | 62.9% | Winning Team | 1980, PIT, Bradshaw | | 62.9% | MVP | 1980, PIT, Bradshaw | | 62.9% | Number - Year | 1987, NYG, Simms | | 61.4% | Winning Team | 1987, NYG, Simms | | 61.4% | MVP | 1987, NYG, Simms | | 61.4% | Number - Year | 1986, CHI, Dent | | 59.6% | Winning Team | 1986, CHI, Dent | | 59.6% | MVP | 1986, CHI, Dent | | 59.6% | Number - Year | 1992, WAS, Rypien | | 59.1% |
|
Fact | Fact |
Winning Team | 1992, WAS, Rypien | | 59.1% | MVP | 1992, WAS, Rypien | | 59.1% | Number - Year | 1974, MIA, Csonka | | 55.3% | Winning Team | 1974, MIA, Csonka | | 55.3% | MVP | 1974, MIA, Csonka | | 55.3% | Number - Year | 1975, PIT, Harris | | 55.2% | Winning Team | 1975, PIT, Harris | | 55.2% | MVP | 1975, PIT, Harris | | 55.2% | Number - Year | 1996, DAL, Brown | | 54.3% | Winning Team | 1996, DAL, Brown | | 54.3% | MVP | 1996, DAL, Brown | | 54.3% | Number - Year | 1976, PIT, Swann | | 53.7% | Winning Team | 1976, PIT, Swann | | 53.7% | MVP | 1976, PIT, Swann | | 53.7% | Number - Year | 1988, WAS, Williams | | 52.6% | Winning Team | 1988, WAS, Williams | | 52.6% | MVP | 1988, WAS, Williams | | 52.6% | Number - Year | 1984, LAR, Allen | | 52.2% | Winning Team | 1984, LAR, Allen | | 52.2% | MVP | 1984, LAR, Allen | | 52.2% | Number - Year | 1991, NYG, Anderson | | 51% | Winning Team | 1991, NYG, Anderson | | 51% | MVP | 1991, NYG, Anderson | | 51% | Number - Year | 1972, DAL, Staubach | | 49.6% | Winning Team | 1972, DAL, Staubach | | 49.6% | MVP | 1972, DAL, Staubach | | 49.6% | Number - Year | 1983, WAS, Riggins | | 46.6% | Winning Team | 1983, WAS, Riggins | | 46.6% | MVP | 1983, WAS, Riggins | | 46.6% | Number - Year | 1981, OAK, Plunkett | | 43.5% | Winning Team | 1981, OAK, Plunkett | | 43.5% | MVP | 1981, OAK, Plunkett | | 43.5% | Winning Team | 1971, BAL, Howley | | 42% | Number - Year | 1971, BAL, Howley | | 41.4% | MVP | 1971, BAL, Howley | | 41.4% | Number - Year | 1973, MIA, Scott | | 41.1% | Winning Team | 1973, MIA, Scott | | 41.1% | MVP | 1973, MIA, Scott | | 41.1% | Number - Year | 1977, OAK, Biletnikoff | | 38.5% | Winning Team | 1977, OAK, Biletnikoff | | 38.5% | MVP | 1977, OAK, Biletnikoff | | 38.5% | Number - Year | 1978, DAL, Martin/White | | 35.4% | Winning Team | 1978, DAL, Martin/White | | 35.4% | MVP | 1978, DAL, Martin/White | | 35.4% | Number - Year | 2011, GB, Rodgers | | 33.9% | Winning Team | 2011, GB, Rodgers | | 33.9% | MVP | 2011, GB, Rodgers | | 33.9% |
|
Comments